| 000 | 01017nam a2200301 4500 | ||
|---|---|---|---|
| 001 | 15671 | ||
| 003 | ES-MaACL | ||
| 005 | 20250805063222.0 | ||
| 007 | t| | ||
| 008 | 000504s1984 sp ||||0| spa j | ||
| 017 |
_aM 49-1984 _bOficina Depósito Legal Madrid |
||
| 020 | _a84-7490-091-3 | ||
| 040 |
_aIBH _bspa _cM-BN-DP |
||
| 080 | _a236.1 | ||
| 100 | 1 |
_aHildebrand, Dietrich von, _d1889-1977 _eaut _963679 |
|
| 245 | 1 | 0 |
_aSobre la muerte : _bescrito póstumo / _cDietrich von Holdebrand ; [traducción del alemán, Rogelio Rovira] |
| 260 |
_aMadrid : _bEncuentro, _c[1984] |
||
| 300 |
_a156 páginas ; _c18 cm |
||
| 490 | 1 |
_aLibros de bolsillo (Encuentro) ; _v23 _9241571 |
|
| 650 | 7 |
_aMuerte _2embne _915241 |
|
| 700 | 1 |
_aRovira, Rogelio, _d1956- _etrl _9100139 |
|
| 830 | 0 |
_aLibros de bolsillo (Encuentro) ; _v23 _9241571 |
|
| 852 |
_aES-MaACL _bR.113998 _cDEPO2 _jL-22976 |
||
| 942 |
_2udc _cMONOGRAFIA _n0 |
||
| 999 |
_c15671 _d15671 |
||